Οδηγός του Maya 2009
Αποθηκεύτηκε σε:
| Κύριος συγγραφέας: | |
|---|---|
| Μορφή: | Βιβλίο |
| Γλώσσα: | Greek English |
| Δημοσίευση: |
Αθήνα :
Μ. Γκιούρδας,
2010.
|
| Θέματα: | |
| Ετικέτες: |
Προσθήκη ετικέτας
Δεν υπάρχουν, Καταχωρήστε ετικέτα πρώτοι!
|
MARC
| LEADER | 00000cam a2200000 a 4500 | ||
|---|---|---|---|
| 001 | 1/120752 | ||
| 008 | 200128s2020####gr | ||| |||| ||gre|| | ||
| 020 | |a 9789605125936 | ||
| 040 | |a GR-MyUa |b gre |c GR-MyUa |e AACR2 | ||
| 041 | 1 | |a gre |h eng | |
| 082 | 7 | |a 006.696 |2 (23) | |
| 100 | 1 | |a Derakhshani, Dariush. | |
| 245 | 1 | 0 | |a Οδηγός του Maya 2009 / |c Dariush Derakhshani ; απόδοση: Γιάννης Β. Σαμαράς. |
| 260 | |a Αθήνα : |b Μ. Γκιούρδας, |c 2010. | ||
| 300 | |a xix, 601 σ. : |b εικ. ; |c 24 εκ. + |e 1 οπτική δισκέτα λέιζερ Η/Υ (4 3/4 ίν.) | ||
| 500 | |a Τίτλος πρωτοτύπου: Introducing Maya 2009. | ||
| 500 | |a Περιλαμβάνει ευρετήριο. | ||
| 630 | 0 | 0 | |a Maya (Computer file) |
| 650 | 0 | |a Computer animation. | |
| 650 | 0 | |a Three-dimensional display systems. | |
| 852 | |a INST |b SYROS |c EUDOXUS |e 20200128 |h 006.696 DER |p 005500013873 |q 005500013873 |t EDX |y 0 | ||
| 852 | |a INST |b SYROS |c EUDOXUS |e 20200128 |h 006.696 DER |p 005500013872 |q 005500013872 |t EDX |y 0 | ||
| 920 | |a Εύδοξος |b Παραγγελία |y Σύρος-ΤΜΣΠΣ |z 2020-01 | ||
| 970 | |a Κοντού |b Παρασκευή |z 28/01/2020 | ||